Statistics for Musical Acts by Letter - E (Part 2)

Click here to take the quiz!

General Stats

  • This quiz has been taken 108 times
  • The average score is 4 of 16

Answer Stats

Years ActiveCountrySongsAnswer% Correct
1965-Gimme Hope Jo'anna | Electric AvenueEddy Grant
41%
1951-1973, 1983-2005Bye Bye Love | All I Have To Do Is DreamEverly Brothers
38%
1974-2019Two Tickets To Paradise | Shakin'Eddie Money
33%
1986-1995__er Said Than Dun | Only If You Want ItEazy-E
32%
1952-1960Summertime Blues | C'mon EverybodyEddie Cochran
30%
1956-Release Me | The Last WaltzEngelbert Humperdinck
29%
2007-We Are The People | Walking On A DreamEmpire of the Sun
28%
1934-1993Dream a Little Dream of Me | Cheek to CheekElla Fitzgerald
27%
ca. 1867-1934Pomp and CircumstanceEdward Elgar
24%
1942-2008Santa Baby | I Want To Be EvilEartha Kitt
23%
before 1858-1907Peer Gynt Suite | In the Hall of the Mountain KingEdvard Grieg
23%
1970-1978, 1991-1998, 2010Fanfare for the Common Man | The BarbarianEmerson, Lake & Palmer
21%
1951-2003War | Twenty-Five MilesEdwin Starr
20%
1990-Sadeness (Part 1) | Mea CulpaEnigma
19%
1946-Ecstasy of Gold | The Hateful Eight ThemeEnnio Morricone
19%
2012-Growl | LottoEXO
13%

Score Distribution

Percentile by Number Answered

Percent of People with Each Score

Your Score History

You have not taken this quiz